Normal view
MARC view
- Politico, Carina De Guia.
Entry Personal Name
001 - CONTROL NUMBER
- control field: 63044
003 - CONTROL NUMBER IDENTIFIER
- control field: OSt
005 - DATE AND TIME OF LATEST TRANSACTION
- control field: 20241016140822.0
008 - FIXED-LENGTH DATA ELEMENTS
- fixed length control field: 241016|| aca||aabn | a|a d
040 ## - CATALOGING SOURCE
- Original cataloging agency: OSt
100 ## - HEADING--PERSONAL NAME
- Personal name: Politico, Carina De Guia.
- Relator term: author.
